Statistics for Historical Timeline of Australia

Click here to take the quiz!

General Stats

  • This quiz has been taken 23 times
  • The average score is 7 of 9

Answer Stats

YearHintAnswer% Correct
1832W______ AustraliaWestern Australia
100%
1836S____ AustraliaSouth Australia
100%
1788N__ S_____ W____New South Wales
94%
1856T_______Tasmania
94%
1859Q_________Queensland
88%
1901A________Australia
88%
1851V_______Victoria
71%
1825V__ D_____'s LandVan Diemen's Land
29%
1829S___ RiverSwan River
29%

Score Distribution

Percentile by Number Answered

Percent of People with Each Score

Your Score History

You have not taken this quiz